Fruits market study in sihanouk ville,(ការសិក្សាទីផ្សារផលិតផលផ្លែឈើនៅក្រុងព្រះសីហនុ) (Record no. 558)

000 -LEADER
fixed length control field 00526nam a22001577a 4500
003 - CONTROL NUMBER IDENTIFIER
control field OSt
005 - DATE AND TIME OF LATEST TRANSACTION
control field 20150916105919.0
008 - FIXED-LENGTH DATA ELEMENTS--GENERAL INFORMATION
fixed length control field 150916b xxu||||| |||| 00| 0 eng d
040 ## - CATALOGING SOURCE
Transcribing agency RUA
082 ## - DEWEY DECIMAL CLASSIFICATION NUMBER
Classification number AGR KEA 2003 B029 Or.1
100 ## - MAIN ENTRY--PERSONAL NAME
9 (RLIN) 581
Personal name KEA MALEN
245 ## - TITLE STATEMENT
Title Fruits market study in sihanouk ville,(ការសិក្សាទីផ្សារផលិតផលផ្លែឈើនៅក្រុងព្រះសីហនុ)
260 ## - PUBLICATION, DISTRIBUTION, ETC. (IMPRINT)
Place of publication, distribution, etc. phnom penh
Name of publisher, distributor, etc. RUA
Date of publication, distribution, etc. 2003
300 ## - PHYSICAL DESCRIPTION
Extent 38p.
Dimensions ill.
Size of unit 29cm.
942 ## - ADDED ENTRY ELEMENTS (KOHA)
Source of classification or shelving scheme
Koha item type AGR
Holdings
Price effective from Date last seen Permanent Location Not for loan Date acquired Date last checked out Source of classification or shelving scheme Koha item type Total Checkouts Barcode Lost status Damaged status Withdrawn status Current Location Full call number
2015-09-162016-03-15Library Block B 2015-09-162016-03-11 AGR1RUA001335   Library Block BAGR KEA 2003 B029 Or.1
2015-09-162015-09-16Library Block B 2015-09-16  AGR RUA001484   Library Block BAGR KEA 2003 B029 Or.2
2015-09-162015-09-16Library Block B 2015-09-16  AGR RUA001340   Library Block BAGR KEA 2003 B029 Or.3
2015-09-162015-09-16Library Block B 2015-09-16  AGR RUA001206   Library Block BAGR KEA 2003 B029 Or.4
2015-09-162015-09-16Library Block B 2015-09-16  AGR RUA001124   Library Block BAGR KEA 2003 B029 Or.5
មជ្ឈមណ្ឌលឯការនៃសាកលវិទ្យាល័យភូមិន្ទកសិកម្មចំការដូង

Powered by Koha